000 01383nam a2200433 i 4500
001 46967
003 KOSZ 005
005 20230110143522.0
008 050920s2005 pl d f |000 0 pol
015 _aUWD 2005/17369
020 _a8372446431
035 _a991028213669705066
035 _a(PL-WaBN)b17639396-48omnis_nlop
035 _ab17639396
035 _a(OCoLC)69455597
035 _a(PL)b0000001763939
035 _a(EXLNZ-48OMNIS_NETWORK)9910148189005606
040 _aWA N
_cWA N
_dKOSZ 005/HR
046 _k2005
080 _a336
080 _a(075.8)
100 1 _aPodstawka, Marian
_d(1954- )
_eAutor
245 1 0 _aPodstawy finansów :
_bteoria i praktyka /
_cMarian Podstawka.
260 _aWarszawa :
_bWydawnictwo SGGW,
_c2005.
300 _a366, [1] s. :
_bwykr. ;
_c24 cm.
336 _aTekst
_btxt
_2rdacontent
337 _aBez urządzenia pośredniczącego
_bn
_2rdamedia
338 _aWolumin
_bnc
_2rdacarrier
380 _aKsiążki
388 _a2001-
504 _aBibliogr. s. 366-[367].
650 7 _aFinanse
_2DBN
655 7 _aPodręczniki akademickie
_2DBN
658 _aGospodarka, ekonomia, finanse
710 2 _aWydawnictwo SGGW
_4pbl
856 _uhttp://koha.tu.koszalin.pl/cgi-bin/koha/opac-detail.pl?biblionumber=46967
_yKatalog online BPK
942 _2UKD
_cKS
999 _c46967
_d46967